[Event "February Lviv Tradition-IM 2020"]
[Site "Lviv"]
[Date "2020.02.17"]
[Round "1.1"]
[White "Sydoryka, Vladyslav"]
[Black "Kowalski, Igor"]
[Result "0-1"]
[WhiteElo "2318"]
[BlackElo "2332"]
[Annotator "TA"]
[PlyCount "55"]
[EventDate "2020.02.17"]
[EventType "tourn"]
[EventCountry "UKR"]
[SourceTitle "playchess.com"]
[Source "ChessBase"]
[SourceQuality "1"]

{[%evp 20,55,29,33,30,26,48,38,72,77,64,42,32,0,60,62,59,72,80,72,76,53,124,0,14,7,16,19,17,3,28,-227,-234,-218,-102,-196,-70,-483]} 1. g3 g6 2. Bg2 Bg7 3. c4 d6 4. Nc3 Nf6 5. Nf3 e5 6. O-O O-O 7. d3 Nc6 8. Rb1 h6 9. b4 Be6 10. b5 Ne7 11. Qc2 Nd7 {A26: English Opening vs King's Indian with ...Nc6 and d3.} 12. a4 {[#]} f5 $146 ({Predecessor:} 12... Nc5 13. Nd2 Qc8 14. Re1 Bh3 15. Bh1 Nf5 16. e3 Rb8 17. a5 Qd7 18. Ba3 Ne6 {1-0 (58) Durmaz,A (1799)-Amra,T (1570) Al Ain 2013}) 13. Nd2 c6 {White is slightly better.} 14. Ba3 Qc7 15. Rb3 (15. a5 $5) 15... Nc5 16. bxc6 bxc6 (16... Nxc6 $11 17. Rbb1 b6) 17. Bxc5 $14 dxc5 18. Rfb1 g5 19. Rb7 Qd6 20. a5 {[%cal Ba4a5,Ba5a6,Ba6b7][%mdl 32]} Ng6 {[#]} (20... Rf7 $14) 21. Nb3 (21. Qa4 $1 $16) 21... Bc8 $11 22. a6 Bxb7 23. axb7 Rab8 $1 {[%cal Rb8b7]} 24. Na5 Ne7 (24... e4 $5) 25. g4 $2 {[%mdl 8192] [#]} (25. Qc1 $11 {and White is okay.}) 25... e4 $1 $19 ({Inferior is} 25... fxg4 26. Ne4 $18) 26. gxf5 exd3 (26... Qc7 $19 {is more deadly. And now ...e3 would win.} 27. Ra1 e3 28. fxe3 Nxf5 29. Nxc6 Nxe3) 27. exd3 (27. Qd2 $17 {was necessary.}) 27... Rxf5 (27... Qc7 $19 28. Nb3 Rxb7) 28. Be4 $2 {[%mdl 8192] Accuracy: White = 51%, Black = 53%.} (28. Ne2 $15) 0-1

[Event "February Lviv Tradition-IM 2020"]
[Site "Lviv"]
[Date "2020.02.17"]
[Round "1.2"]
[White "Shkuran, Danylo"]
[Black "Kagramanianz, Vartan"]
[Result "1/2-1/2"]
[WhiteElo "2329"]
[BlackElo "2238"]
[Annotator "TA"]
[PlyCount "84"]
[EventDate "2020.02.17"]
[EventType "tourn"]
[EventCountry "UKR"]
[SourceTitle "playchess.com"]
[Source "ChessBase"]
[SourceQuality "1"]

{[%evp 23,84,57,28,0,50,46,62,0,0,0,0,0,38,0,94,69,74,62,70,62,63,63,69,68,101,101,101,101,102,68,67,59,62,68,67,67,67,67,67,67,68,67,68,68,69,61,61,63,76,40,52,37,37,37,40,0,41,0,42,0,43,0,56]} 1. e4 c5 2. Nf3 d6 3. Be2 Nf6 4. c3 Nc6 5. d4 cxd4 6. cxd4 Nxe4 7. d5 Qa5+ 8. Nc3 Nxc3 9. bxc3 Ne5 10. Nxe5 Qxc3+ 11. Bd2 Qxe5 12. O-O Qxd5 13. Rb1 {B50: Sicilian: 2...d6, Miscellaneous.} f6 ({Of course not} 13... Qxa2 $6 14. Bb5+ Bd7 15. Bxd7+ Kxd7 16. Qf3 $1 $18 {[%mdl 512]}) 14. Bf3 Qxa2 15. Be3 {White is slightly better.} e6 16. Bxb7 Bxb7 17. Rxb7 {Qh5+ would kill now.} Be7 $1 18. Qf3 $36 {[%mdl 3072] White has compensation. White has good play.} Qa6 (18... e5 $1 $11) 19. Rfb1 {Threatens to win with Qg4!} Kf7 {[#]} 20. h3 $1 {Qh5+ is the strong threat.} Rhe8 21. Qe4 $1 {[%cal Re4h7]} Rh8 $1 22. g3 h5 $1 23. Rxe7+ $1 Kxe7 24. Rb7+ Kf8 {[#] aiming for ...f5.} 25. Rc7 $1 Rc8 26. Rxa7 {[#]} Rc1+ $1 {[%mdl 512] [#]} 27. Kh2 $1 {[%mdl 512]} (27. Bxc1 Qxa7) 27... Qc6 $1 {[%cal Rc6e4]} 28. Qxc6 Rxc6 $14 {[%mdl 4096] Endgame KRR-KRB} 29. Ra8+ Kf7 30. Rxh8 {KRB-KR} e5 31. Kg1 d5 32. Kf1 Rc2 33. Ke1 d4 34. Bd2 Kg6 35. Ke2 Ra2 36. f3 Ra1 37. h4 Ra2 38. Rd8 Kf5 39. Rh8 Kg6 40. Rd8 Kf5 41. Rh8 Kg6 42. Rd8 Kf5 {Accuracy: White = 92%, Black = 93%.} 1/2-1/2

[Event "February Lviv Tradition-IM 2020"]
[Site "Lviv"]
[Date "2020.02.17"]
[Round "1.3"]
[White "Roshka, Yevgeniy"]
[Black "Kryvoruchko, Vita"]
[Result "1-0"]
[WhiteElo "2456"]
[BlackElo "2146"]
[Annotator "TA"]
[PlyCount "67"]
[EventDate "2020.02.17"]
[EventType "tourn"]
[EventCountry "UKR"]
[SourceTitle "playchess.com"]
[Source "ChessBase"]
[SourceQuality "1"]

{[%evp 20,75,39,32,76,75,161,81,296,296,299,299,295,119,298,307,296,269,302,283,416,413,599,620,619,595,553,419,457,452,451,445,491,400,538,483,579,568,539,568,600,593,630,636,621,611,633,635,741,737,704,699,2017,1907,29981,29982,29987,29988]} 1. d4 Nf6 2. c4 e6 3. g3 d5 4. Nf3 Be7 5. Bg2 O-O 6. O-O c6 7. Nbd2 Nbd7 8. Qc2 b6 9. e4 dxe4 10. Nxe4 Bb7 11. Rd1 c5 {11...Qc8 is becoming the main line. E09: Closed Catalan: Main Line: 7 Qc2 c6 8 Nbd2.} 12. Nxf6+ Bxf6 {[#]} (12... Nxf6 $16 13. dxc5 Qc7) 13. dxc5 (13. Ng5 $1 $18 Bxg5 14. Bxb7 Bxc1 15. dxc5 (15. Qxc1 Rb8 $14) (15. Bxa8 Bxb2 16. Qxb2 Qxa8 $16)) 13... bxc5 $2 (13... Qc7 $16 {is a better defense.}) 14. Ng5 $1 $18 {[%mdl 64] Discovered Attack} Bxg5 15. Bxb7 Bxc1 16. Raxc1 (16. Bxa8 $18 Qxa8 17. Rxd7 (17. Rdxc1 Ne5 $14)) 16... Qc7 $2 (16... Rb8 $16 17. Be4 (17. Bc6 Qf6 $14) 17... Qc7) 17. Bxa8 Rxa8 18. Qe4 Rb8 19. Rc2 {[%cal Bc1c2,Bc2d2,Bd2d7][%mdl 32]} Ne5 (19... Rc8 $142 20. Rcd2 Nf6) 20. Rcd2 {[#] Qxe5! is the strong threat.} Nc6 $146 (20... h6 $142 21. b3 Ng6) ({Predecessor:} 20... g5 21. Rd6 f6 22. f4 gxf4 23. gxf4 Kh8 24. fxe5 f5 25. Qh4 {1-0 (25) Turna,S (2290)-Kijac,M (2145) Slovakia 1997}) 21. Rd7 Qc8 22. Qf4 Qf8 23. Qd6 Nd4 24. b4 Qxd6 25. Rxd6 {[%mdl 4096] Endgame KRR-KRN} e5 26. bxc5 f6 27. Kg2 h5 28. c6 Rc8 29. Rb1 Nxc6 30. Rb7 Nd4 31. Rdd7 Nf5 32. Rbc7 Rb8 33. h3 g5 34. c5 {Played: g3-g4} 1-0

[Event "February Lviv Tradition-IM 2020"]
[Site "Lviv"]
[Date "2020.02.17"]
[Round "1.5"]
[White "Bets, Anatolij"]
[Black "Malynovskyi, Rostyslav"]
[Result "1/2-1/2"]
[WhiteElo "2249"]
[BlackElo "2238"]
[Annotator "TA"]
[PlyCount "82"]
[EventDate "2020.02.17"]
[EventType "tourn"]
[EventCountry "UKR"]
[SourceTitle "playchess.com"]
[Source "ChessBase"]
[SourceQuality "1"]

{[%evp 20,82,-16,-8,0,-7,-6,-11,-14,-6,22,0,0,0,0,0,0,0,0,-26,-26,-28,-35,-26,-22,-24,0,0,0,0,0,0,12,0,13,10,7,7,16,0,0,0,0,0,0,-24,-29,-24,-26,-28,-35,-41,-45,-52,-36,-117,-117,-112,-112,-175,-105,-112,0,0,120]} 1. d4 Nf6 2. c4 g6 3. Nc3 d5 4. Nf3 Bg7 5. Bg5 Ne4 6. cxd5 Nxg5 7. Nxg5 e6 8. Nf3 exd5 9. e3 c6 10. b4 {[%cal Bb2b4,Bb4b5][%mdl 32] is the legacy move (10.Bd3).} O-O 11. Be2 Bf5 {D91: Grünfeld: 4 Nf3 Bg7 5 Bg5.} 12. O-O Qd6 13. Qb3 Nd7 {[%cal Bb8d7,Bd7c5,Bc5e4][%mdl 32]} 14. b5 {[#]} h6 $146 ({Predecessor:} 14... Bf6 15. Rac1 Rfc8 16. Rfd1 Kg7 17. Na4 Rab8 18. Nc5 cxb5 19. Nxb7 Qb6 20. Rxc8 Rxc8 21. Qxd5 Rc2 22. Bxb5 Be6 23. Qe4 Bf5 24. Qd5 Be6 25. Qe4 {½-½ (25) Andreasen,P (2239)-Das,A (2479) Caleta 2011}) 15. Rfd1 Rfc8 16. Rac1 Be6 17. Na4 c5 18. dxc5 Nxc5 19. Qa3 {[%cal Rc1c5]} Ne4 20. Qxd6 Nxd6 21. Nc5 Bb2 22. Rb1 Rxc5 (22... Bf6 {feels hotter.} 23. Rbc1 Kg7 24. Bd3 b6 25. Nxe6+ fxe6 26. a4 Kf7) 23. Rxb2 Rac8 24. Nd4 Ne4 25. f3 Nc3 26. Re1 Bd7 27. Bd3 Kg7 28. Kf2 h5 29. h4 Kf6 30. Ra1 Na4 31. Rb4 Nb6 $1 32. Nb3 Rc3 33. Rd1 Be6 34. Rf4+ Ke7 35. Nd4 Ra3 36. Rd2 Rcc3 37. Nb3 ({White should try} 37. Be2 $15) 37... Nc4 $17 38. Bxc4 dxc4 39. Nd4 Rxe3 (39... Rc1 $1 $19 {aiming for ...c3.} 40. Re2 c3 41. Nxe6 Kxe6) 40. Nxe6 {[#] Strongly threatening Ng5.} Kxe6 (40... c3 $1 $17 {[%cal Rc3d2]} 41. Nc7 cxd2 42. Nd5+ {[#]} Ke6 $1 {[%mdl 512]} 43. Nxe3 Rxe3) 41. Rxc4 $11 Ke5 {Accuracy: White = 89%, Black = 83%.} (41... Re5 $11) 1/2-1/2

[Event "February Lviv Tradition-IM 2020"]
[Site "Lviv"]
[Date "2020.02.18"]
[Round "2.1"]
[White "Kowalski, Igor"]
[Black "Malynovskyi, Rostyslav"]
[Result "1-0"]
[WhiteElo "2332"]
[BlackElo "2238"]
[Annotator "TA"]
[PlyCount "85"]
[EventDate "2020.02.17"]
[EventType "tourn"]
[EventCountry "UKR"]
[SourceTitle "playchess.com"]
[Source "ChessBase"]
[SourceQuality "1"]

{[%evp 9,85,18,5,8,33,25,35,23,24,31,34,34,37,33,16,0,31,18,20,4,23,10,43,39,42,35,52,43,67,68,37,29,63,0,0,0,22,31,17,19,26,18,20,20,420,427,422,408,443,442,434,448,424,413,458,456,458,458,455,451,448,439,468,467,29986,29987,29991,29991,29991,29992,29992,29993,29995,29996,29996,29997,29997,29998]} 1. d4 Nf6 2. Nf3 g6 3. e3 Bg7 4. Be2 O-O 5. O-O d5 6. b4 {D04: Colle System.} Nbd7 7. Nbd2 b6 8. Bb2 {White is slightly better.} c5 9. bxc5 bxc5 10. c4 Bb7 11. Rc1 Rc8 12. Qa4 {[#]} Qb6 $146 ({Predecessor:} 12... Bc6 13. Qa3 Qb6 14. dxc5 Qxc5 15. Nd4 Bb7 16. N2b3 Qxa3 17. Bxa3 dxc4 18. Na5 Bd5 19. Bxe7 {1-0 (53) Harutyunian,T (2555)-Mamedjarova,T (2314) Tbilisi 2019}) 13. Bc3 Qa6 14. Qd1 {With the idea cxd5.} Qd6 15. dxc5 Qxc5 16. Qb3 Qb6 17. Bb4 Nc5 18. Qa3 Nfd7 19. cxd5 Bxd5 20. Rc2 Ne4 21. Nc4 (21. Rxc8 $14 Rxc8 22. Nxe4 Bxe4 23. Bxe7) 21... Qe6 $11 {[%cal Rd5c4]} 22. Rfc1 Rc7 23. Ncd2 Rxc2 24. Rxc2 Nxd2 25. Nxd2 Bf6 26. h3 $36 {[%mdl 2048] Threatens to win with Bg4. White is pushing.} ({Of course not} 26. Qxa7 Ra8 $17) 26... Kg7 $2 {[%mdl 8192] [#]} (26... h5 $1 $11) 27. Bg4 $1 $18 {[%cal Rg4e6]} Qe5 28. Bxd7 Bxg2 29. Kxg2 Qd5+ 30. Nf3 Qxd7 31. Bc3 Rb8 32. Rd2 Qc7 33. Bxf6+ exf6 34. Qd6 Qb7 35. Qd7 Qa6 36. Qe7 Rb1 (36... Rb7 $18 37. Qe4 Qb6) 37. Rd8 {[%csl Gd8][%cal Re7f8] White mates.} Kh6 38. Qf8+ Kh5 39. Qxf7 {[%cal Rf7h7]} Qf1+ {[#]} 40. Kg3 $1 {[%cal Rf7h7]} Kh6 41. Qf8+ Kh5 42. Rd5+ f5 {[#]} 43. Rxf5+ $1 {Accuracy: White = 97%, Black = 61%.} 1-0

[Event "February Lviv Tradition-IM 2020"]
[Site "Lviv"]
[Date "2020.02.18"]
[Round "2.2"]
[White "Bognar, Csaba"]
[Black "Bets, Anatolij"]
[Result "0-1"]
[WhiteElo "2128"]
[BlackElo "2249"]
[Annotator "TA"]
[PlyCount "122"]
[EventDate "2020.02.17"]
[EventType "tourn"]
[EventCountry "UKR"]
[SourceTitle "playchess.com"]
[Source "ChessBase"]
[SourceQuality "1"]

{[%evp 11,123,20,68,0,0,0,5,-53,22,34,33,18,22,20,25,-20,2,0,0,0,12,0,17,6,8,16,28,0,0,13,6,-15,-14,-35,-24,-27,-15,-10,0,0,0,0,0,0,0,0,0,-32,-36,-116,-120,-110,-108,-97,-100,-116,-100,-127,-120,-1813,-1797,-1686,-1691,-1622,-1525,-1410,-1244,-1678,-1599,-12834,-12835,-12841,-12839,-29986,-29987,-29987,-29988,-29988,0,0,0,0,0,0,0,0,0,0,0,0,0,0,0,0,0,0,0,0,0,0,0,0,0,0,0,0,0,0,0,0,0,0,27999,0]} 1. d4 Nf6 2. c4 c5 3. d5 b5 4. Qc2 bxc4 5. e4 d6 6. Nf3 g6 7. Nfd2 {A57: Benko/Volga Gambit.} (7. Bxc4 $14 Bg7 8. O-O) 7... Bg7 $11 8. Be2 O-O 9. O-O {[#]} (9. Nxc4 $11 Nbd7 10. O-O) 9... Ba6 $146 (9... e6 $15 10. Nxc4 exd5 11. exd5 Nxd5) ({Predecessor:} 9... e6 10. dxe6 Bxe6 11. Bxc4 Nc6 12. Bxe6 fxe6 13. Nf3 Ng4 14. h3 Rxf3 15. gxf3 Nd4 {½-½ (32) Vaibhav,S (2558)-Schnepp,G (2348) Biel 2017}) 10. Nxc4 Nfd7 11. Be3 Nb6 12. Nba3 N8d7 13. Bd2 Nxc4 14. Bxc4 Qc8 15. Bc3 Nb6 16. Bxg7 Kxg7 17. Be2 Bxe2 18. Qxe2 a5 19. Qd2 Qa6 20. f4 f6 21. e5 Nc4 22. Qc3 Nxa3 23. bxa3 Rab8 24. Rfe1 Rf7 25. exf6+ exf6 26. Re6 c4 27. Rc1 Qb6+ 28. Kf1 Rc8 29. Re4 Qb5 30. a4 ({White should try} 30. Rd1 $15) 30... Qxd5 $17 31. Rxc4 Rxc4 32. Qxc4 {[%mdl 4096] Endgame KQR-KQR} Qd2 33. Rc2 Qd1+ 34. Kf2 Re7 {( -> ...Qe1+)} 35. Re2 $2 {[%mdl 8192]} (35. Qc3 $17) 35... Rxe2+ $19 36. Qxe2 Qxe2+ 37. Kxe2 {KP-KP} Kf7 38. Kd3 Ke6 39. Kc4 g5 40. fxg5 fxg5 41. Kb5 {[#]} Kd5 $1 42. Kxa5 Kc5 43. Ka6 d5 44. Kb7 Kb4 $2 (44... d4 {mates} 45. Kc7 d3 46. g3 d2 47. Kd7 d1=Q+ {[%mdl 64] Double Attack} 48. Ke7 Qe2+ 49. Kf6 Qxh2 50. Kg7 Qxg3 51. a5 g4 52. a6 Qc7+ 53. Kh6 g3 54. a7 Qf7 55. Kg5 g2 56. a8=Q g1=Q+ 57. Qg2 Qxg2+ 58. Kh4 Qf6+ 59. Kh5 Qh3#) 45. Kb6 $1 $11 {Strongly threatening a5.} d4 46. a5 {And now a6 would win.} d3 {Threatens to win with ...d2.} 47. a6 {aiming for a7.} d2 48. a7 d1=Q {[#]} 49. a3+ $1 {[%mdl 512]} Kb3 (49... Kxa3 50. a8=Q+) 50. a8=Q {KQ-KQ} Qd4+ 51. Kc7 Qe5+ 52. Kd7 Qf5+ 53. Ke7 {Hoping for Qf3+.} Qe5+ 54. Kf7 Qxh2 55. Qd5+ Kxa3 56. Qxg5 h5 (56... Kb4 {keeps more tension.}) 57. Kg6 h4 58. Kh5 Kb2 59. Qg4 Kc2 60. Qh3 Qe5+ 61. Kxh4 Kd2 {Played: Qe5-h2} 0-1

[Event "February Lviv Tradition-IM 2020"]
[Site "Lviv"]
[Date "2020.02.18"]
[Round "2.3"]
[White "Kryvoruchko, Vita"]
[Black "Vakulenko, Oleksandr"]
[Result "0-1"]
[WhiteElo "2146"]
[BlackElo "2262"]
[Annotator "TA"]
[PlyCount "108"]
[EventDate "2020.02.17"]
[EventType "tourn"]
[EventCountry "UKR"]
[SourceTitle "playchess.com"]
[Source "ChessBase"]
[SourceQuality "1"]

{[%evp 15,116,0,33,7,28,26,55,49,56,37,43,-6,0,-79,-18,-47,19,-25,-27,-17,-6,4,6,-97,-109,-125,-18,-18,0,-258,-124,-267,-226,-208,-232,-220,-87,-615,-526,-442,-618,-547,-193,-908,-906,-857,-887,-893,-893,-1568,-1414,-1362,-1303,-1259,-901,-860,-538,-538,-538,-531,-524,-497,-497,-1652,-1645,-1416,-1416,-29975,-29975,-29974,-29973,-29971,-29971,-29969,0,-5422,-853,-850,-843,-708,-831,-792,-746,-719,-735,-758,-629,-1056,-1050,-1027,-949,-954,-942,-11435,-5118,-2235,-2185,-29965,-29967,-29983,-29984,-29988,-29989]} 1. d4 Nf6 2. c4 e6 3. Nf3 d5 4. g3 Bb4+ 5. Bd2 Be7 6. Bg2 O-O 7. O-O Nbd7 8. b3 Ne4 9. Bf4 {E11: Bogo-Indian.} g5 10. Bc1 {[#]} Bf6 $146 ({Predecessor:} 10... f5 11. Bb2 c6 12. Ne1 b5 13. f3 Nef6 14. Nd2 f4 15. gxf4 gxf4 16. Bh3 Bd6 17. Bxe6+ {0-1 (40) Palachev,P (2408)-Musaev,R (2219) Samara 2016}) 11. Bb2 {White is slightly better.} Bg7 12. Nfd2 f5 13. f3 Nd6 14. e4 (14. f4 $11 {remains equal.}) 14... f4 ({Black should play} 14... dxe4 $1 $17 15. fxe4 c5 16. exf5 (16. e5 Nf7 $15) 16... Nxf5) 15. Bh3 Qe7 (15... e5 $15) 16. exd5 exd5 {Threatens to win with ...Nc5!} 17. Re1 Qd8 {White should prevent ...Nc5!} 18. Be6+ Kh8 19. Qc2 (19. cxd5 $11 Nb6 20. Nc3) 19... fxg3 $17 20. hxg3 Nf6 ({Better is} 20... Nb6 $1 $17 21. Bxc8 (21. cxd5 Nf5 $17) 21... Rxc8) 21. cxd5 $11 Nh5 22. Kg2 $2 {[%mdl 8192]} (22. Nf1 $11 {and White stays safe.}) 22... Nf5 (22... g4 $1 $19 {is more deadly. And now ...Nxg3! would win.} 23. Qc3 (23. Rh1 $2 Nf5 $19 {[%mdl 64] Double Attack}) 23... Rf4 $3 {[%mdl 512]}) 23. Ne4 {[#]} (23. Bxf5 $17 Bxf5 24. Ne4) 23... Nhxg3 $1 $19 ({Not} 23... Nxd4 24. Bxd4 Bxd4 25. Nbc3 $16) 24. Nxg3 {[#]} Nh4+ $1 25. Kh3 Nxf3 (25... c6 $19 {has better winning chances.} 26. Nd2 (26. dxc6 $2 g4+ 27. fxg4 Nf3 $19 {[%mdl 64] Double Attack}) 26... cxd5) 26. Rh1 $2 {[%mdl 8192]} (26. Nd2 $17 Nxe1 27. Rxe1 Qxd5 28. Qe4 (28. Bxc8 Raxc8 29. Qe4 c6 $17) 28... Qxe4 29. Rxe4) 26... Qxd5 27. Bxc8 Raxc8 28. Qe4 Qd7+ $2 (28... Qd6 29. Nd2 Nxd2) 29. Kg2 $2 (29. Qg4 Qe8 30. Qe4) 29... Nh4+ 30. Rxh4 gxh4 31. Qxh4 Qf7 32. Bc3 Qf2+ 33. Kh3 Rf4 34. Qg5 Rg8 35. Nd2 Bxd4 36. Qe5+ Bxe5 37. Bxe5+ Rg7 38. Bxg7+ Kxg7 39. Nh5+ {[#]} (39. Rf1 $142 Qxd2 40. Rxf4) 39... Kh6 $1 {[%csl Gf2][%cal Rf4h4]} 40. Nxf4 Qxf4 {[%mdl 4096] Endgame KQ-KRN} 41. Nf1 Qf5+ 42. Kg2 Qc2+ 43. Kg1 Qg6+ 44. Kh2 Qc2+ (44... Qf6 $142 45. Rb1 Qh4+ 46. Kg1 Qd4+ 47. Kh2 Qh4+ 48. Kg1 Qg4+ 49. Kf2 Qf5+ {[%mdl 64] Double Attack} 50. Kg3 Qxb1 51. Ne3 Kg5 52. Kf3 Qxa2 53. b4 Qb2 54. Nf1 Qxb4 55. Ne3 h5 56. Ke2 h4 57. Kd3 h3 58. Nd1 Qb3+ 59. Kd2 Qf3 60. Ke1 h2 61. Nf2 a5 62. Nh1 Qxh1+ 63. Kd2 Qe4 64. Kc3 h1=Q 65. Kb3 Qhb1+ 66. Kc3 Qed3#) 45. Kg1 Qb2 (45... Qc5+ $142 46. Kg2 Qe5) 46. Re1 Qxa2 47. Re3 a5 48. Rg3 a4 49. bxa4 Qxa4 50. Ne3 Kh5 51. Kh2 Qa2+ 52. Kh3 Qe6+ 53. Kh2 b5 {[%cal Bb7b5,Bb5b4,Bb4b3][%mdl 32]} 54. Ng2 Qd6 {Played: Qe6-e5} 0-1

[Event "February Lviv Tradition-IM 2020"]
[Site "Lviv"]
[Date "2020.02.18"]
[Round "2.5"]
[White "Sydoryka, Vladyslav"]
[Black "Shkuran, Danylo"]
[Result "1/2-1/2"]
[WhiteElo "2318"]
[BlackElo "2329"]
[Annotator "TA"]
[PlyCount "60"]
[EventDate "2020.02.17"]
[EventType "tourn"]
[EventCountry "UKR"]
[SourceTitle "playchess.com"]
[Source "ChessBase"]
[SourceQuality "1"]

{[%evp 18,60,11,8,16,-6,6,-12,-4,-4,-3,-3,0,-4,0,-6,-6,-6,-6,-6,-6,-6,-6,-6,-6,-6,-6,-6,-6,-95,-91,-76,-37,-68,-68,-80,-80,-80,0,0,0,-80,0,0,0]} 1. c4 e6 2. g3 d5 3. Bg2 Nf6 4. Nf3 Be7 5. O-O O-O 6. d4 b6 7. Qc2 Bb7 8. Rd1 dxc4 9. Qxc4 Nbd7 10. Nc3 Rc8 {E18: Queen's Indian: Old Main Line (4 g3 Bb7 5 Bg2 Be7 6 0-0 0-0 7 Nc3).} 11. Qa4 a6 12. Ne5 {[#]} b5 $146 ({Predecessor:} 12... Bxg2 13. Kxg2 Nb8 14. Qb3 Nfd7 15. Nxd7 Nxd7 16. d5 exd5 17. Nxd5 Bd6 18. Be3 Qe8 {0-1 (50) Viviani,A (2114)-Luciani,V (2239) Maranello 2013}) 13. Qa5 Bxg2 14. Kxg2 {aiming for Nc6.} c6 15. Qxd8 Rfxd8 16. Nxd7 Rxd7 17. Bg5 h6 18. Bxf6 Bxf6 19. e3 c5 $36 {[%mdl 2048] Black fights for an advantage.} 20. dxc5 $1 Rxd1 21. Rxd1 Bxc3 22. bxc3 Rxc5 $11 {[%mdl 4096] Endgame KR-KR} 23. Rd3 (23. Rd8+ $11 Kh7 24. Ra8) 23... Rc4 $17 24. Kf3 e5 {[#] Strongly threatening ...e4+.} 25. Rd6 Ra4 $1 26. Rd2 Kf8 27. Ke2 Rc4 28. Rd6 Ra4 29. Rd2 Rc4 (29... Ke7 $17) 30. Rd6 $11 Ra4 {Accuracy: White = 80%, Black = 88%.} 1/2-1/2

[Event "February Lviv Tradition-IM 2020"]
[Site "Lviv"]
[Date "2020.02.18"]
[Round "3.1"]
[White "Shkuran, Danylo"]
[Black "Kowalski, Igor"]
[Result "0-1"]
[WhiteElo "2329"]
[BlackElo "2332"]
[Annotator "TA"]
[PlyCount "78"]
[EventDate "2020.02.17"]
[EventType "tourn"]
[EventCountry "UKR"]
[SourceTitle "playchess.com"]
[Source "ChessBase"]
[SourceQuality "1"]

{[%evp 12,200,12,12,29,12,33,17,62,44,76,35,54,28,50,65,51,55,65,-34,26,26,37,14,16,2,14,0,21,11,19,-40,-27,-43,-20,-93,-72,-72,-93,-215,-202,-210,-204,-281,-271,-281,-251,-816,-259,-338,-352,-348,-316,-324,-303,-314,-315,-280,-157,-150,-145,-194,-179,-214,-219,-228,-220,-262,-259,-251,0,-247,-217,-240,-234,-311,-311,-361,-354,-467,-311,-345,-356,-474,-279,-461,-449,-410,-407,-532,-525,-479,-480,-1801,-886,-29957,-1358,-29964,-29966,-29967,-29969,-29970,-29968,-29970,-29960,-29972,-29941,-4939,-1317,-766,-264,-264,-248,-254,-264,-246,-246,-239,-239,-239,-239,-239,-239,-239,-239,-239,-218,-218,-218,-218,-218,-218,-218,-218,-218,-218,-218,-218,-123,-134,0,-218,-218,-218,-218,-218,-218,-218,-218,-218,-218,-218,-218,-264,-218,-218,-74,-218,-205,-190,-90,-122,-28,-28,-28,-28,-28,-27,-28,-190,-190,-264,-264,-264,-264,-264,-264,-846,-297,-29970,-29969,-29963,-10485,-29980,-29981,-29986,-29987,-29987,-29988,-29989,-29990]} 1. e4 d6 2. d4 Nf6 3. Nc3 g6 4. g3 Bg7 5. Bg2 O-O 6. Nge2 e5 7. h3 a6 {B07: Pirc Defence: Miscellaneous Systems.} 8. O-O Nc6 9. Be3 Nd7 {The position is equal.} 10. f4 {[#]} exf4 $146 ({Predecessor:} 10... f6 11. Qd2 Ne7 12. g4 Kh8 13. f5 exd4 14. Bxd4 Ne5 15. Nf4 N7c6 16. Bf2 g5 17. Nh5 {1-0 (41) Kumar,N (2004)-Viskic,P (2207) Djenovici 2018}) 11. gxf4 Nb6 12. f5 Re8 13. fxg6 hxg6 14. b3 Qh4 15. Nf4 (15. Rf3 $14) 15... Ne7 (15... Qh8 $15) 16. Qf3 $11 Rf8 17. Rae1 c6 18. Kh2 Bd7 19. Bf2 Qh8 20. Nce2 Rae8 21. Qg3 (21. c4 $11) 21... d5 $1 $15 22. exd5 Nf5 23. Qc3 (23. Qd3 $11 {keeps the balance.}) 23... Nxd5 $17 24. Nxd5 cxd5 25. Ng3 (25. Qd3 $17) 25... Nxd4 (25... Bxd4 26. Bxd4 Nxd4 27. Rxe8 $11) 26. Rxe8 Rxe8 27. Qc7 Be6 28. Qxb7 Be5 ({Don't take} 28... Nxc2 29. Qxa6 Rc8 30. Rd1 $19) 29. Qxa6 $2 {[#]} (29. Bxd4 Bxd4 30. Qxa6) 29... Nf5 $2 (29... Nf3+ $1 {[%mdl 512]} 30. Bxf3 Qxh3+ 31. Kg1 Bxg3 32. Bxg3 Qxg3+ 33. Bg2 Bh3 $1 {[%mdl 512]}) 30. Qd3 Rc8 31. c4 dxc4 32. bxc4 Bxc4 33. Rc1 Qh4 ({Not} 33... Bxd3 34. Rxc8+ Kh7 35. Rxh8+ Kxh8 36. a4 $15) 34. Qf3 Rd8 ({Better is} 34... Qf6 $19 35. a4 Qd6) 35. Qg4 Bxa2 36. Qxh4 Nxh4 37. Rc2 Be6 38. Be4 Rd1 39. Rc5 Bf4 {Played: Be5-d6} 0-1